| 000 | 00593nam a22002297a 4500 | ||
|---|---|---|---|
| 001 | 65149 | ||
| 003 | UA-OsUOA | ||
| 005 | 20220411092348.0 | ||
| 007 | ta | ||
| 008 | 20091116b un ||||| |||| 00| 0 ukr d | ||
| 020 | _a9667833704 | ||
| 040 |
_aUA-OsUOA _bukr _cUA-OsUOA _dUA-OsUOA |
||
| 041 | _aukr | ||
| 080 | _a223.2 | ||
| 090 |
_a223.2 _bК53 |
||
| 245 | _aКнига псалмів. Книга приповістей Соломонових | ||
| 260 |
_aК. _c2003 |
||
| 300 | _a300 с. | ||
| 650 | 7 |
_a22 Біблія. Святе писання _2UDC |
|
| 942 |
_cBK _2udc |
||
| 955 | _a2 | ||
| 999 |
_c351269 _d351269 |
||